The law of intellectual property rights : (Record no. 42057)
[ view plain ]
| 000 -LEADER | |
|---|---|
| fixed length control field | 00920nam a2200253 a 4500 |
| 001 - CONTROL NUMBER | |
| control field | 42057 |
| 003 - CONTROL NUMBER IDENTIFIER | |
| rucl marc code | BD-RjUL |
| 005 - DATE AND TIME OF LATEST TRANSACTION | |
| control field | 20211209053504.0 |
| 008 - FIXED-LENGTH DATA ELEMENTS--GENERAL INFORMATION | |
| fixed length control field | 160609s2005 ii a 001 0 eng d |
| 020 ## - INTERNATIONAL STANDARD BOOK NUMBER | |
| International Standard Book Number | 8176295477 : |
| 035 ## - SYSTEM CONTROL NUMBER | |
| System control number | (BD-RjUL)42175 |
| 040 ## - CATALOGING SOURCE | |
| Original cataloging agency | BD-RjUL |
| Language of cataloging | eng |
| Transcribing agency | BD-RjUL |
| 041 ## - LANGUAGE CODE | |
| Language code of text/sound track or separate title | eng |
| 082 ## - DEWEY DECIMAL CLASSIFICATION NUMBER | |
| Edition number | 23 |
| Classification number | 346.54048 |
| Author mark and year | SIT 2005 |
| 245 04 - TITLE STATEMENT | |
| Title | The law of intellectual property rights : |
| Remainder of title | introductory - WTO - patent laws - copyright law - commercial domain / |
| Statement of responsibility, etc. | Shiv Sahai Singh ; foreword by S. B. Sinha. |
| 260 ## - PUBLICATION, DISTRIBUTION, ETC. (IMPRINT) | |
| Place of publication, distribution, etc. | New Delhi : |
| Name of publisher, distributor, etc. | Deep & Deep Pub., |
| Date of publication, distribution, etc. | c2005. |
| 300 ## - PHYSICAL DESCRIPTION | |
| Pagination | xvi, 356 p. : |
| Illustrations | ill. ; |
| Size | 24 cm. |
| 504 ## - BIBLIOGRAPHY, ETC. NOTE | |
| Bibliography, etc | Includes bibliographical references (p. [346]-351) and index. |
| 650 #0 - SUBJECT ADDED ENTRY--TOPICAL TERM | |
| Topical term or geographic name as entry element | Intellectual property |
| Geographic subdivision | India. |
| 9 (RLIN) | 129311 |
| Topical term or geographic name as entry element | Intellectual property (International law) |
| 9 (RLIN) | 129312 |
| 700 1# - ADDED ENTRY--PERSONAL NAME | |
| Personal name | Singh, Shiv Sahai, |
| Dates associated with a name | 1953- |
| Personal name | Sinha, S. B. |
| 942 ## - ADDED ENTRY ELEMENTS (KOHA) | |
| Source of classification or shelving scheme | Dewey Decimal Classification |
| Koha item type | Books |
| Lost status | Source of classification or shelving scheme | Damaged status | Not for loan | Collection code | Permanent Location | Current Location | Shelving location | Date acquired | Source of acquisition | Cost, normal purchase price | Total Checkouts | Full call number | Date last seen | Copy number | Koha item type |
|---|---|---|---|---|---|---|---|---|---|---|---|---|---|---|---|
| Dewey Decimal Classification | Non-fiction | Central Library, University of Rajshahi | Central Library, University of Rajshahi | 27/08/2009 | Kastury book centre, Dhaka | 1500.00 | 346.54048 SIT 2005 | 09/06/2016 | C-2 | Books | |||||
| Dewey Decimal Classification | Non-fiction | Central Library, University of Rajshahi | Central Library, University of Rajshahi | 31/08/2009 | Ahsania Mission | 840.00 | 346.54048 SIT 2005 | 29/08/2016 | C-3 | Books | |||||
| Dewey Decimal Classification | Non-fiction | Central Library, University of Rajshahi | Central Library, University of Rajshahi | 18/03/2009 | Dhaka paragon enterprises ltd. | 1500.00 | 346.54048 SIT 2004 | 15/12/2016 | C-4 | Books |